Statistical rethinking. A bayesian course with examples in R and Stan.

Guardado en:
Detalles Bibliográficos
Autor principal: McElreath, Richard (Autor)
Formato: Desconocido
Publicado: Boca Raton, United States: CRC Press Taylor & Francis Group, 2020.
Edición:Second edition.
Colección:Text in Statistical Science Series.
Materias:
Etiquetas: Agregar Etiqueta
Sin Etiquetas, Sea el primero en etiquetar este registro!

MARC

LEADER 00000 a2200000 4500
003 CL-VaPUC
005 20230821092359.0
008 220906t2020 ||||| |||| 00| 0 eng d
999 |c 438385  |d 438383 
020 |a 9780367139919 
040 |c Pontificia Universidad Católica de Valparaíso 
082 7 |a 519.542 MCE 2020  |2 22 
100 |a McElreath, Richard  |9 875694  |e author 
245 |a Statistical rethinking.  |b A bayesian course with examples in R and Stan. 
250 |a Second edition.  
260 |a Boca Raton, United States:  |b CRC Press Taylor & Francis Group,   |c 2020. 
300 |a 593 páginas.  
490 |a Text in Statistical Science Series. 
583 |k Cristina María Rojas Aguilar  |c 20220906 
650 0 |a Teoría de decisión Bayesiana   |9 865764 
650 0 |a Teorema de Bayes  |9 865252 
650 0 |a R (Lenguaje de programación)  |9 858460 
942 |2 ddc  |c BK 
952 |0 0  |1 0  |2 ddc  |4 0  |6 519_542000000000000_MCE_2020  |7 0  |8 A  |9 586598  |a BIBAGR  |b BIBAGR  |c GEN  |d 2022-09-05  |e 59  |g 79592.00  |i 5654508  |o 519.542 MCE 2020  |p 5654508  |r 2025-01-20  |t 1  |v 79592.00  |w 2022-09-05  |y BK  |k DCA